| 000 | 00491nam a2200169Ia 4500 | ||
|---|---|---|---|
| 003 | GCL | ||
| 008 | 140319s9999 xx 000 0 ara d | ||
| 040 |
_aGCL / _cGCL |
||
| 082 | 0 | 4 |
_a624 _bع هـ |
| 100 | 1 | _aعصام محمد عبدالماجد احمد | |
| 245 | 1 | 0 |
_aالهندسة البيئية / _cعصام محمد عبدالماجد احمد |
| 300 | _a477 ص | ||
| 490 |
_aكتاب _v0 |
||
| 650 | 0 | 4 | _aالهندسة |
| 650 | 0 | 4 | _aالهندسة المدنية |
| 942 |
_2ddc _cBK |
||
| 999 |
_c41266 _d41266 |
||